000 00406nam a2200169Ia 4500
001 22030
003 IN-NITTTR
005 20251114233249.0
008 251113s9999||||xx |||||||||||||| ||eng||
040 _beng
040 _cIN-NITTTR
041 _aeng
082 _a923.254 H11R
100 _aHarish Chander, Padmini
245 0 _aRajiv Gandhi many facets. /
_cHarish Chander, Padmini
942 _2ddc
_cBK
999 _c24659
_d24659